000 00293nam a2200109Ia 4500
008 220216s9999 xx 000 0 und d
100 _aNair V K B
245 0 _aPerformance of some RRIM clones in India
260 _bPlacrosym IV, Mysore, 1981
_c1981
700 _aMarattukalam J G
942 _cJS
999 _c64791
_d64791